000 00646nam a2200193 i 4500
001 52658
003 ES-MaACL
005 20250723061831.0
007 t|
008 030902s1954 sp ||||1| spa d
100 1 _aDe Francisci, Pietro.
_952185
245 1 0 _aSíntesis histórica del derecho romano /
_cPietro de Francisci ; prólogo de Ursicino Alvarez.
260 _aMadrid :
_bRevista de Derecho Privado,
_c1954 (
_fImp. P. López)
300 _aXIX, 817 p. ;
_c24 cm.
650 0 7 _aDerecho romano
_2embne
_911764
700 0 _aAlvarez Suarez, Ursicino.
_920973
852 _aES-MaACL
_jC-8724
_bR.36428
999 _c52658
_d52658